000 00677nam a22001817a 4500
003 BD-DhUL
005 20180529112012.0
008 180529s1957 bg |||| |||| 000 0 ben d
040 _aBD-DhUL
_cBD-DhUL
082 _a891.443
_bSHS
100 1 _aশামসুদ্দীন, আবুল কালাম
245 1 0 _aশাহের বানু /
_cআবুল কালাম শামসুদ্দীন
260 _aকলিকাতা :
_bভারতী লাইব্রেরী,
_c১৯৫৭।
300 _a৪৩ (২ );
_c ১৮ সেমি.
650 0 _aবাংলা উপন্যাস।
650 0 _aBengali fiction.
942 _2ddc
_cBK
999 _c241696
_d241696